000 00287nam a22001217a 4500
008 180607b xxu||||| |||| 00| 0 eng d
041 _aeng
080 _a043.3
100 _a0
101 _aSHKI-BA
245 _aSiguria ne Sistemet Operative IOS dhe Android
_cSefa, A
942 _2udc
_cBK
999 _c46589
_d46589